[Event "Norway Masters blitz 4th"]
[Site "Stavanger"]
[Date "2016.04.18"]
[Round "6"]
[White "Carlsen, Magnus"]
[Black "Kramnik, Vladimir"]
[Result "1-0"]
[WhiteElo "2851"]
[BlackElo "2801"]
[Annotator "CB"]
[PlyCount "70"]
[EventDate "2016.04.18"]
[EventType "tourn (blitz)"]
[EventRounds "9"]
[EventCountry "NOR"]
[EventCategory "21"]
[SourceTitle "CBM 171 Extra"]
[Source "ChessBase"]
[SourceDate "2016.04.26"]
[SourceVersion "1"]
[SourceVersionDate "2016.04.26"]
[SourceQuality "1"]

1. c4 e6 2. Nc3 d5 3. d4 Nf6 4. cxd5 Nxd5 5. e4 Nxc3 6. bxc3 c5 7. Nf3 cxd4 8.
cxd4 Bb4+ 9. Bd2 Bxd2+ 10. Qxd2 O-O 11. Bc4 Nd7 12. O-O b6 13. a4 Bb7 14. Bd3 (
14. Rfe1 Nf6 15. Bd3 h6 16. a5 a6 17. axb6 Qxb6 18. Rab1 Qc7 19. Rbc1 Qe7 20.
Qa5 Rfc8 21. Rxc8+ Rxc8 22. Nd2 Qd7 23. Qb6 Rc3 24. Bxa6 Bxa6 25. Qxa6 Qxd4 $15
{1/2-1/2 (97) Topalov,V (2803)-Carlsen,M (2850) London 2015}) 14... Rb8 (14...
a5 15. Rfc1 e5 16. d5 $14 {0-1 (57) Kramnik,V (2783)-Naiditsch,A (2722)
Dortmund 2015}) (14... Rc8 15. a5 Qc7 16. Rfb1 h6 17. h3 Rfd8 18. Ra3 Qd6 19.
Rab3 Rc7 20. axb6 Nxb6 $14 {1/2-1/2 (34) Ding,L (2707) -Kramnik,V (2801) Paris/
St Petersburg 2013}) 15. Rfe1 h6 16. a5 b5 17. Rac1 (17. a6 $5) 17... a6 18.
Qb4 Rc8 19. Nd2 Rxc1 20. Rxc1 {[#]} Ne5 $2 {Too optimistic.} (20... Qb8 {
with the idea} 21. Z0 Rc8 $11) 21. Bxb5 axb5 22. dxe5 Qd3 23. h3 Rd8 24. Rc7
Ba8 (24... Qxd2 25. Qxd2 Rxd2 26. Rxb7 Ra2 27. Rxb5 $18) 25. Qe7 Rf8 26. Qd6
Qe2 (26... Rd8 27. Qxd3 Rxd3 28. Rc8+ Kh7 29. Rxa8 Rxd2 30. Rb8 $18) 27. f3
Qe3+ 28. Kh2 Qf4+ 29. Kh1 b4 30. a6 h5 31. a7 h4 32. Qxb4 Qxe5 33. Qc5 Qxc5 34.
Rxc5 Rd8 35. Nc4 Kh7 ({After} 35... Kh7 36. Nb6 Kg6 37. Rc7 {Black has hardly
any moves - therefore he resigned.}) 1-0

[Event "Norway Chess 4th"]
[Site "Stavanger"]
[Date "2016.04.28"]
[Round "8"]
[White "Kramnik, Vladimir"]
[Black "Harikrishna, Pentala"]
[Result "1-0"]
[WhiteElo "2801"]
[BlackElo "2763"]
[Annotator "Stohl,I"]
[PlyCount "93"]
[EventDate "2016.04.19"]
[EventType "tourn"]
[EventRounds "9"]
[EventCountry "NOR"]
[EventCategory "21"]
[SourceTitle "CBM 172"]
[Source "ChessBase"]
[SourceDate "2016.05.12"]
[SourceVersion "1"]
[SourceVersionDate "2016.05.12"]
[SourceQuality "1"]

1. Nf3 {Kramnik has lately more and more often avoided a heated theoretical
struggle and relied on his experience and positional understanding.} ({In
Stavanger we saw also} 1. d4 Nf6 2. Bf4 d5 3. e3 e6 4. c3 c5 5. Nd2 Nc6 6. Bd3
Bd6 7. Bxd6 Qxd6 8. f4 $1 {with a good version of the Stonewall:} cxd4 9. cxd4
O-O 10. a3 Ne7 11. Ngf3 Qb6 12. Qb3 Qxb3 13. Nxb3 b6 14. Rc1 Bd7 15. Ke2 Nc8
16. Ne5 Ba4 17. Nd2 Nd6 18. b3 Bb5 19. Bxb5 Nxb5 20. a4 Nd6 21. Rc6 Rfd8 22.
Ra1 Nfe8 23. a5 $36 {Kramnik,V (2801)-Grandelius,N (2649) Stavanger 2016}) 1...
e6 2. g3 b5 3. e3 $5 {A very rare move.} ({White usually without second
thought continues} 3. Bg2 Bb7 4. O-O {, after} Nf6 {the most popular
alternative is} 5. d3 {, striving for structures from the King's Indian
Reversed. With the text move Kramnik gains a tempo to build up a position,
resembling the Queen's Indian.}) 3... a6 4. Bg2 ({Also interesting is} 4. a4 $5
b4 5. Bg2 Bb7 6. d3 c5 7. Nbd2 Nf6 8. e4 d6 (8... Be7 9. e5 Nd5 $13) 9. O-O
Nbd7 (9... Be7 $142) 10. Nc4 Be7 11. Bf4 e5 12. Bd2 O-O 13. Nh4 g6 14. Bg5 $14
d5 $2 15. exd5 Bxd5 16. Bxf6 Nxf6 17. Nxe5 Nh5 18. Bxd5 Qxd5 19. Nhf3 Bf6 20.
Nc4 $16 {Anikaev,Y (2460)-Korzubov,P (2450) Minsk 1983 White went on to
convert his extra pawn.}) 4... Bb7 5. O-O Nf6 6. b3 c5 {The few examples here
arose mostly via a different move order.} ({The choice of alternatives is
still a matter of taste; a fully playable one is} 6... Be7 7. Bb2 O-O 8. Qe2 c5
9. c4 d5 10. d4 Nbd7 11. cxd5 Nxd5 12. Nbd2 Rc8 13. Rac1 cxd4 14. Nxd4 Rxc1 15.
Rxc1 Qa8 16. Bh3 (16. Bxd5 Bxd5 17. e4 Bb7 18. Rc7 Bc8 $1 $11 {[%cal Ye7d8,
Ye7d6]} (18... Rd8 $2 19. Nxe6 $1 fxe6 20. Qg4 $18)) 16... N5f6 17. N2f3 Rc8
$11 {/=/+, Giri,A (2734)-Ivanchuk,V (2753) Leon blitz 2013}) 7. c4 Be7 8. Nc3 {
The players are gradually entering almost unexplored territory.} ({Apart from
the text White has mostly tried} 8. Qe2 O-O 9. Bb2 {- 6...Be7}) 8... O-O {
The simplest, Black doesn't have to protect b5 yet.} ({Releasing the tension} 
8... b4 9. Na4 d6 {seems a bit premature due to} 10. d4 Nbd7 11. d5 $5 (11. Bb2
O-O 12. Nd2 Bxg2 13. Kxg2 {Tomashevsky,E (2523)-Ostrovskiy,A (2297) Serpukhov
2004} Qc7 $11 {[%csl Ra4]}) 11... e5 12. Nh4 g6 13. e4 O-O 14. Bh6 (14. Nb2
$142 $14) 14... Re8 15. Nb2 $6 Nh5 (15... Nxe4 $1 16. Bxe4 Bxh4 $15) 16. Nf5
Bf8 17. Bxf8 Nxf8 18. Nd3 $14 {(),Stokke,K (2385)-Susak,Z (2200) Split 2013/
Here the King's Indian structure is advantageous for White.}) (8... Qa5 9. Bb2
O-O 10. Qe2 (10. d4 $5 {is more ambitious}) 10... Nc6 11. Rfb1 bxc4 12. bxc4
Rab8 13. d3 Ba8 14. a3 Rfc8 15. Qc2 Nd8 16. Bc1 d6 17. Bd2 Qc7 18. Rxb8 Rxb8
19. Rb1 Bc6 20. Rxb8 Qxb8 21. Ne1 Bxg2 22. Kxg2 Qb7+ 23. f3 Nd7 24. Qb1 Qxb1
25. Nxb1 Nc6 $11 {Karpov,A (2770)-Kamsky,G (2735) FIDE WCh Elista 1996}) (8...
Qb6 9. d4 O-O 10. d5 $5 (10. Qe2 Ne4 11. Bb2 d6 12. dxc5 Qxc5 13. Rac1 b4 14.
Na4 Qc7 15. Rfd1 Nd7 16. Qe1 Rab8 17. a3 bxa3 18. Bxa3 Ndc5 19. Nxc5 dxc5 20.
Bb2 Bf6 21. Bxf6 Nxf6 22. Qc3 Be4 23. Nd2 Bxg2 24. Kxg2 Rfd8 $11 {Georgiev,K 
(2648)-Gloor,R (2335) Zuerich 2013}) 10... exd5 11. cxd5 d6 12. e4 Nbd7 13. h3
{[%csl Gd5,Ge4] [+]} Rfe8 14. Be3 Bf8 15. Nd2 g6 16. a4 Bg7 17. Qc2 Rab8 18.
Rfc1 Nh5 19. axb5 axb5 20. g4 Nhf6 21. b4 Ba6 22. Nb3 h5 23. g5 Nh7 24. Qd2
Rec8 25. f4 $16 {Banusz,T (2585)-Goganov,A (2604) Riga 2014}) 9. d4 $5 $146 {
[%csl Gc4,Gd4][%mdl 8] A natural novelty: White occupies the centre himself
rather than letting his opponent get there before him.} ({After} 9. Qc2 Nc6 10.
Rd1 d5 {it's already late for} 11. d4 $2 bxc4 12. bxc4 dxc4 13. dxc5 Qa5 14.
Rb1 Nb4 15. Qa4 Qxc5 16. a3 Nbd5 17. Qc2 Nxc3 18. Qxc3 Be4 19. Nd2 Rad8 20. Bb2
Bxb1 21. Rxb1 Rd3 $19 {Zygouris,H (2218)-Melia,S (2403) Caleta 2013}) (9. cxb5
axb5 10. Nxb5 $2 Ba6 $17) 9... d5 {[%csl Gc5,Gd5] An equally logical reaction.}
(9... Qb6 {- 8...Qb6}) ({After} 9... cxd4 10. exd4 {the hanging pawns are more
an asset than a drawback, e.g.} d6 11. d5 $5 b4 12. Na4 exd5 13. Nd4 $44 {|^})
10. cxd5 Nxd5 11. Nxd5 (11. Bb2 Nxc3 12. Bxc3 Nd7 $11 {, but even the text
doesn't give White anything tangible.}) 11... Bxd5 12. dxc5 Bxc5 {Playable,
but Black didn't have to move his bishop again.} (12... Nd7 $5 $11 {/\} 13. b4
a5) 13. Qe2 Nd7 14. Rd1 Qe7 15. Bb2 (15. e4 Bb7 16. Bg5 f6 $11) 15... Rac8 16.
Rac1 Bb7 $6 {[%mdl 32] An unnecessary retreat, after which Black's position
starts deteriorating.} (16... Nf6 17. Ne5 $5 Bxg2 18. Kxg2 $14) ({However,
White's risk-free strategy (after a heavy loss with Carlsen in the previous
round) hasn't given him much and the natural} 16... Rfd8 $1 $11 {retains
symmetry and approximate equality.}) 17. Ng5 $1 $14 Bxg2 18. Kxg2 {[%cal Rg5h7,
Re2d3,Yg5e4,Ye2h5]} f5 $6 {Radically prevents both Ne4 and Qg4, but weakens
the kingside.} (18... Nb6 $142 19. Qg4 $1 ({The forcing line} 19. Qh5 h6 20.
Ne4 Ba3 21. Nf6+ $5 gxf6 22. Bxa3 Qxa3 23. Rd4 f5 $1 24. Qxh6 Qe7 25. Rh4 f6 {
leads only to a perpetual after} 26. Qh8+ Kf7 27. Rh7+ Kg6 28. Rh6+ $11) {
and only now} 19... f5 (19... h6 $143 $6 20. Ne4 f5 21. Qxg7+ Qxg7 22. Bxg7 $36
) 20. Qh5 h6 21. Nf3 Nd5 22. Qg6 Qf7 $14 {Black is worse, but his position
remains defensible.}) (18... h6 $6 19. Ne4 $36) (18... Rfd8 $2 {runs into} 19.
Qh5 h6 20. Ne4 Bb4 21. Rxd7 $1 Qxd7 22. Qg4 f5 23. Nf6+ Kf7 (23... Kh8 24. Qg6
$18) 24. Qh5+ g6 25. Qxh6 Qb7+ 26. Kh3 $1 Rh8 27. Nh7 $18 {->}) (18... Qxg5 19.
Rxd7 $14) 19. e4 $5 {Active play, Kramnik opens the centre even more.} ({
Komodo indicates an alternative solution} 19. Qf3 Rc7 20. Nh3 $1 {[%cal Yh3f4]
/\} e5 $6 {[%csl Re5,Rf5]} 21. b4 Bb6 22. Qd5+ Rf7 23. a3 $16) 19... h6 (19...
f4 20. Qg4 fxg3 21. f4 $1 Be3 22. Rxc8 Rxc8 23. Qxe6+ Qxe6 24. Nxe6 $16) (19...
e5 $142 $5 20. Nf3 Rcd8 21. a4 $36) 20. Nf3 (20. Nh3 $5 {[%cal Yh3f4] also
deserved attention.}) 20... Nf6 (20... f4 21. Rc2 $14 ({and} 21. Nh4 $5 $36 {
are unpleasant for Black, but now he loses material.})) 21. exf5 exf5 22. Qxe7
Bxe7 23. Nd4 Rxc1 (23... g6 $2 24. Nc6 $18) (23... f4 24. Ne6 $16 (24. Nf5 $16)
) 24. Rxc1 Nd5 25. Ne6 Rf7 26. Rc8+ Kh7 27. Ra8 f4 ({Po} 27... Nb4 $2 28. Ra7
$18 {[%cal Re6d8]}) (27... Bf6 28. Bxf6 Nxf6 (28... Rxf6 $2 29. Nf8+) 29. a3 $5
$16 {White stops b4, the Pa6 won't run away.}) 28. Rxa6 {White gains a healthy
pawn with excellent winning chances.} ({However,} 28. Bxg7 $5 Rxg7 29. Nxg7
Kxg7 30. Ra7 $1 {[%cal Ra7d7] was also very strong. This intermediate move
forces Black's king to abandon the Ph6 and after} Kf7 31. Rxa6 {there is no
time for the blockading b4. White should win the resulting endgame after} h5
32. a4 bxa4 33. bxa4 $16 {/+-}) 28... fxg3 {Simplifies the position, but also
White's task.} (28... f3+ 29. Kf1 (29. Kh3 $5) 29... Bf6 30. Bxf6 Rxf6 31. a3
Nc3 $16 {offered more practical chances}) 29. hxg3 Bf6 30. Bc1 (30. Bxf6 Rxf6
31. a3 $16 {is also good; somewhat later White will return to the idea of the
bishop swap.}) 30... Re7 (30... Nb4 31. Ra5 Bc3 32. Be3 $16) 31. Rd6 Nc3 32. a3
Kg8 33. Bb2 $1 Ra7 ({A more resilient try was} 33... Ne4 $142 34. Bxf6 gxf6)
34. Rc6 Nd5 (34... Ne4 35. Bxf6 gxf6 36. Rc8+ Kf7 37. Rc7+ Rxc7 38. Nxc7 Nc3
39. Kf3 Ke7 40. Ke3 Kd7 41. Kd3 b4 (41... Nd1 42. Nxb5 Nxf2+ 43. Ke3 $18) 42.
Na6 $18) (34... Nb1 35. Bxf6 gxf6 36. Nd4 Nxa3 37. Rxf6 Rd7 38. Nf5 $16 {/+-})
35. Bxf6 Nxf6 (35... gxf6 36. Rc5 b4 (36... Ne7 37. Rc7 $18) 37. Rxd5 (37. a4
$5 $18) 37... bxa3 38. Rd1 $18) 36. Rc7 $1 Rxa3 (36... Rxc7 37. Nxc7 $18 {
[%csl Rb5] However, even now Black loses another pawn.}) 37. Rxg7+ Kh8 38. Rg6
Ne4 (38... Ng8 39. Nd4 b4 40. Rb6 $18 {[%csl Rb4]}) 39. Rxh6+ Kg8 40. Rh4 $18 {
Stops any possible action against f2, the rest requires no comment.} Nd2 41. b4
Nc4 42. Nc7 Ra2 43. Re4 Nd6 44. Rd4 Nf5 45. Rd8+ Kf7 46. Nxb5 Rb2 47. Rd3 (47.
Rd3 Rxb4 48. Nd6+ $18 {is a trivially won rook endgame.}) 1-0

[Event "RUS-chT 23rd"]
[Site "Sochi"]
[Date "2016.05.04"]
[Round "4.1"]
[White "Svidler, Peter"]
[Black "Kramnik, Vladimir"]
[Result "0-1"]
[WhiteElo "2762"]
[BlackElo "2801"]
[Annotator "CB"]
[PlyCount "59"]
[EventDate "2016.05.01"]
[EventType "team-tourn"]
[EventRounds "10"]
[EventCountry "RUS"]
[SourceTitle "CBM 173"]
[Source "ChessBase"]
[SourceDate "2016.07.12"]
[SourceVersion "1"]
[SourceVersionDate "2016.07.12"]
[SourceQuality "1"]
[WhiteTeam "St Petersburg Bronze Horseman"]
[BlackTeam "Novosibirsk Siberia"]
[WhiteTeamCountry "RUS"]
[BlackTeamCountry "RUS"]

1. c4 e6 2. Nc3 d5 3. d4 Nf6 4. cxd5 Nxd5 (4... exd5 {mit diesem Zug erlitt
Kramnik beim Norway Chess vergangenen Monat einen bösen Schiffsbruch gegen
Carlsen.} 5. Bg5 c6 6. e3 Bf5 7. Qf3 Bg6 8. Bxf6 Qxf6 9. Qxf6 gxf6 10. Nf3 Nd7
11. Nh4 Be7 12. Ne2 Nb6 13. Ng3 Bb4+ 14. Kd1 Na4 15. Ngf5 Kd7 16. Rb1 Ke6 17.
Bd3 Rhc8 18. Ke2 Bf8 19. g4 c5 20. Ng2 cxd4 21. exd4 Bd6 22. h4 h5 23. Ng7+ Ke7
24. gxh5 Bxd3+ 25. Kxd3 Kd7 26. Ne3 Nb6 27. Ng4 Rh8 28. Rhe1 Be7 29. Nf5 Bd8
30. h6 Rc8 31. b3 Rc6 32. Nge3 Bc7 33. Rbc1 Rxc1 34. Rxc1 Bf4 35. Rc5 Ke6 36.
Ng7+ Kd6 37. Ng4 Nd7 38. Rc2 f5 39. Nxf5+ Ke6 40. Ng7+ Kd6 41. Re2 Kc6 42. Re8
Rxe8 43. Nxe8 Nf8 44. Ne5+ Bxe5 45. dxe5 Kd7 46. Nf6+ Ke6 47. h5 Kxe5 48. Nd7+
Nxd7 49. h7 Nc5+ 50. Ke2 {1-0 (50) Carlsen,M (2851)-Kramnik,V (2801) Stavanger
NOR 2016}) 5. Nf3 c5 6. g3 (6. e4 Nxc3 7. bxc3 cxd4 8. cxd4 Bb4+ 9. Bd2 Bxd2+
10. Qxd2 O-O {ist die Hauptvariante}) 6... Nxc3 (6... Nc6 7. Bg2 cxd4 8. Nxd4
Nxc3 9. bxc3 Nxd4 10. Qxd4 Qxd4 11. cxd4) 7. bxc3 cxd4 8. cxd4 Bb4+ 9. Bd2
Bxd2+ 10. Qxd2 b6 {Kramnik wandelt auf den Spuren Rubinsteins, modernere
Interpretationen des schwarzen Aufbaus verzichteten auf b6 um Weiß den Hebel
a4-a5 nicht anzubieten.} (10... Bd7 11. Bg2 Bc6 12. O-O Nd7 13. Rfe1 Nf6 14.
Qf4 Be4 15. Rac1 O-O 16. g4 Qb8 17. Qxb8 Raxb8 18. Ne5 Bxg2 19. Kxg2 Rbc8 20.
Kf3 Rfd8 21. e4 Kf8 22. Ke3 g5 23. h4 h6 24. hxg5 hxg5 25. Rh1 Ke7 26. Kd3 Nd7
27. Nxd7 Rxc1 28. Rxc1 Kxd7 29. Rh1 Ke7 30. Rc1 Kd7 31. Rh1 Ke7 32. Rc1 {
1/2-1/2 (32) Grandelius,N (2581)-Roiz,M (2592) Stockholm 2015}) 11. Bg2 Bb7 12.
O-O {Diagramm [#]} O-O (12... Nd7 {wurde bereits 1937 von Rubinstein gespielt.
Dies erlaubt allerdings das sofortige a4 - ob Tfc1 sofort benötigt wird, ist
nämlich nicht klar. Deswegen erscheint mit Kramniks Zugfolge erst einmal
flexibler.} 13. a4 $1 (13. Rfc1 O-O 14. a4 Rc8 15. Rxc8 Qxc8 16. a5 b5 17. Rc1
Qb8 18. Qb4 a6 19. Ne1 Bxg2 20. Kxg2 Rc8 21. Rxc8+ Qxc8 22. Nd3 Nb8 23. f3 Qc7
24. Kf2 f6 25. Nc5 Qd6 26. e3 Kf7 27. Ke2 Ke8 28. Qb1 f5 29. Qb3 Qd5 30. Qxd5
exd5 31. Kd2 Ke7 32. Kc3 Kd6 33. Nb7+ Kc7 34. Nc5 Kd6 35. Nb7+ Kc7 36. Nc5 Kd6
37. Nb7+ Kc7 {1/2-1/2 (37) Weinstock,K-Rubinstein,S Vienna 1937}) 13... O-O 14.
a5) 13. a4 (13. Rfc1 Nd7) 13... Nc6 $5 {Vorgänger platzierten den Springer
immer bescheidener auf d7, von wo aus er weniger Einfluss auf das Zentrum
nimmt, jedoch den Läufer nicht versperrt und weniger anfällig steht} 14. Ne5 $1
{ansonsten wir Schwarz mit ...Sa5 fortfahren und der Bauernzug a4 wäre
lediglich eine Schwächung gewesen.} Rc8 15. a5 $1 (15. Rfc1 $2 Qxd4 16. Qxd4
Nxd4 17. Bxb7 Rxc1+ 18. Rxc1 Nxe2+ 19. Kf1 Nxc1 $19) (15. Rfd1 Qe7 16. Rac1 Na5
$11 {Schwarz kontrolliert alle Einbruchsfelder auf der c-Linie und kann bequem
mit der Dame auf b7 wiedernehmen. Langfristig hat Schwarz den entfernten
Freibauern, a4 kann zudem zur Schwäche neigen. Weiß muss hier vermutlich im
Ausgleichssinne den konkreten Durchbruch d5 anpeilen}) 15... b5 16. Qb2 $6 (16.
a6 $5 Ba8 17. Rfd1 (17. Nxc6 {ist zu wenig} Bxc6 18. Bxc6 Rxc6 19. Ra5 Qd5 $11)
17... Qd6 (17... Ne7 $5 18. Bxa8 Rxa8 19. Rac1 {Schwarz steht noch etwas
unkoordiniert, hat jedoch langfristige Trümpfe. Entscheidend wird sein, ob der
weiße Bauer auf a6 oder der schwarze auf b5 schwächer wird.}) 18. Nxc6 Bxc6 19.
d5 $5 {schlägt Houdini vor} exd5 20. Bxd5 Bxd5 21. Qxd5 Qb6 22. Qb7 Rb8 23.
Qxb6 Rxb6 24. Rd7 Ra8 25. Rb7 $14 {wird vermutlich in einem 4-3 am
Königsflügel enden.}) 16... a6 {Kramnik hat seine Stellung nun gefestigt. Der
Bauer auf a5 ist mehr Schwäche denn Stärke, die weißfeldrige Konstellation Lb7,
Bauern a6,b5 ist konkret nicht auszunutzen.} 17. Nd3 $6 (17. Rfd1 Ba8 18. e3
Nxa5 19. Bxa8 Rxa8 20. Qa2 Nb7 21. Rac1 $44 {und Weiß hat Kompensation, doch
keinesfalls mehr}) 17... Ba8 18. Bxc6 (18. Nc5 Nxd4 19. Bxa8 Rxc5 $17) (18. e3
Nxa5 {und Weiß hat nicht genug Kompensation} 19. Qb4 Bxg2 20. Kxg2 Nc6 21. Qb1
Nb8 $15) 18... Rxc6 19. Nb4 Rc4 {konkret gespielt} (19... Rd6 $1 {behält den
a6 - Schwarz kann nun mittels h5-h4 den geschwächten weißen König aufs Korn
nehmen}) 20. Nxa6 Qd5 21. f3 Rxd4 22. Nc7 Qc5 23. Kh1 Bc6 24. Rfc1 Rc4 25. Na6
$2 {diesen Zeitverlust hält die weiße Stellung nicht mehr aus} (25. a6 $1 Rc8 (
25... Bxf3+ 26. exf3 Qxc7 27. Rxc4 Qxc4 28. a7 Qd5 29. Kg2 {und Weiß hält dank
des starken Freibauern das Gleichgewicht}) 26. a7 Rxc7 27. Rxc4 $1 Qxc4 28.
a8=Q+ Bxa8 29. Rxa8+ Rc8 30. Rxc8+ Qxc8 31. Qxb5 $11) 25... Qf2 $1 26. Qe5 Bd5
{Es droht f6 nebst Dxe2.} 27. Nc7 f6 28. Qd6 Rxc7 29. Qxc7 Qxe2 30. Ra3 {
und offensichtlich wollte sich Svidler ...b4 nicht mehr zeigen lassen} 0-1

[Event "Paris GCT rapid"]
[Site "Paris"]
[Date "2016.06.09"]
[Round "3"]
[White "Topalov, Veselin"]
[Black "Kramnik, Vladimir"]
[Result "0-1"]
[WhiteElo "2761"]
[BlackElo "2812"]
[Annotator "Mekhitarian,K"]
[PlyCount "62"]
[EventDate "2016.06.09"]
[EventType "tourn (rapid)"]
[EventRounds "9"]
[EventCountry "FRA"]
[EventCategory "22"]
[SourceTitle "CBM 173"]
[Source "ChessBase"]
[SourceDate "2016.07.12"]
[SourceVersion "1"]
[SourceVersionDate "2016.07.12"]
[SourceQuality "1"]

1. e4 e5 2. Nf3 Nc6 3. Bb5 Nf6 {The super-fashionable Berlin Variation of the
Ruy Lopez.} 4. d3 {This is the most flexible response, maintaining pieces and
avoiding massive exchanges.} Bc5 5. c3 O-O 6. O-O d6 7. h3 Ne7 {A typical idea,
bringing the knight over to g6, from where it will stand better. On c6 the
knight is always somewhat limited, because of White's c3-pawn.} 8. d4 Bb6 9.
Re1 Ng6 10. Nbd2 c6 {Achieving a symmetrical position, but White is always one
slight step ahead, since he has played d4, and Black has yet to show how to
fully equalise the position.} 11. Bd3 Re8 12. Bc2 Bc7 13. a4 a5 14. Nf1 d5 $5
15. exd5 $6 (15. Bg5 $1 $146 {defending against the pressure on e4 in the most
active way} dxe4 (15... h6 $6 16. Bxf6 Qxf6 17. exd5 cxd5 18. Ne3 Rd8 19. dxe5
Nxe5 20. Nxd5 Nxf3+ 21. Qxf3 Qxf3 22. gxf3 $16) 16. Bxe4 exd4 17. Qc2 $5 {
threatening to play Rad1, and also planning Bxf6 followed by Bxg6, using the
weakness of the 8th rank.} Bd7 {defending the tactical ideas on e8} (17... dxc3
$2 18. Bxf6 $1 (18. Rad1 $6 Qxd1 $1 19. Rxd1 Nxe4 $44) 18... Qxf6 (18... gxf6
19. Rad1 $16) 19. Bxg6 Rxe1 20. Bxh7+ Kf8 21. Rxe1 g6 22. Bxg6 fxg6 23. bxc3
$16) 18. cxd4 (18. Rad1 $6 h6 $1 19. Bxf6 Qxf6 $15 {and Black is even better})
18... Nf8 $5 $13 {followed by ...h6.}) (15. Ng3 {was played in April, But
black also achieved comfortable equality} exd4 16. Qxd4 Bxg3 17. fxg3 Nxe4 18.
Bxe4 dxe4 19. Rxe4 Qxd4+ 20. Rxd4 Be6 $11 {1/2-1/2 (77) Landa,K (2626)-Nyback,
T (2608) Germany 2016}) 15... e4 $1 16. d6 {The only way to avoid a strong
centre for Black with 16...cxd5. In any case, Black's position is preferable
already.} Qxd6 17. N3h2 (17. Ng5 $6 Bf5 {simply threatening ...h6} 18. g4 {
looks suicidal} Be6 19. Nxe6 (19. Nxe4 $2 Nxe4 20. Bxe4 Bd5 $1 21. Bxd5 Qxd5 {
...Nh4 coming} 22. Ne3 Qd6 23. Nf1 Nh4 24. Rxe8+ Rxe8 $19 {with the decisive ..
.Re1 threat}) 19... Qxe6 $40 {and it has to go wrong for White somehow.}) 17...
h5 $5 {Avoiding Ng4 at all costs.} 18. f3 {Risky, but probably the best
decision here, to avoid suffocation.} (18. Bg5 Bf5 $1 19. Bxf6 Qxf6 20. Qxh5
Nf4 21. Qd1 Qh4 {threatening ...Nxg2} 22. Re3 Bg6 {and after ...f5 (and ...
Rad8, ...Nd5), White will be under a huge pressure} 23. Qg4 Qh7 $1 $17) 18...
Bf5 19. fxe4 Bxe4 20. Bxe4 Nxe4 21. Qxh5 Nf6 $5 {An interesting practical try,
that worked out well.} 22. Rxe8+ Rxe8 23. Qf3 $2 (23. Qf5 $1 {the best defence
- not an easy move to find} Nh4 (23... Re1 $2 24. Nf3 $1 $16) (23... Ne4 24.
Nf3 Ng3 25. Qg4 $13) (23... Re2 24. Nf3 Ne4 25. Be3 Ng3 26. Qc8+ Nf8 27. Bf2
Nxf1 28. Kxf1 Rxb2 29. Re1 $132) 24. Qf2 $13 {and White controls Black's
initiative for now}) (23. Qd1 {was also acceptable, keeping an eye on ...Re1}
Nd5 $1 24. Nf3 Ngf4 {threatening ...Re2} 25. Ne5 Qf6 26. Bxf4 Nxf4 $40 {
looks very good for Black.}) 23... Re1 24. Kf2 $2 (24. Bf4 {was the only move
to survive, but sometimes it is hard to realise that you are lost, and that
you have to give material right away. Especially in a position that was
completely normal 5 moves ago.} Rxf1+ 25. Rxf1 Nxf4 $17 {Black is much better
in the endgame, but there's still play.}) 24... Nh4 $1 25. Qd3 (25. Kxe1 Nxf3+
26. Nxf3 Ne4 $19 {and Black still maintains a strong attack, not to mention
the material superiority.}) 25... Qe6 $1 26. Ng4 Nxg4+ 27. hxg4 Nxg2 $1 28.
Kxg2 Qxg4+ 29. Kf2 Qh4+ {Kramnik plays like a computer and gives no survival
chances to Topalov, a very nice attack by the ex-world champion and current
world number 2.} 30. Kg2 Rxc1 $5 (30... Re6 $19 {was also good enough, with a
devastating attack.}) 31. Rxc1 Qg5+ {...and Black is totally winning in the
forthcoming endgame, after taking on c1.} 0-1